| 000 | 00702nam a22002295a 4500 | ||
|---|---|---|---|
| 005 | 20201128023816.0 | ||
| 008 | 160825s2015 ii a frb 001 0 eng d | ||
| 020 | _a9788120351288 | ||
| 040 |
_aEG-ScBUE _beng _cEG-ScBUE _dEG-ScBUE |
||
| 082 | 0 | 4 |
_222 _a658.4012 _bPRA |
| 100 | 1 |
_aPrasad, Kesho. _940900 |
|
| 245 | 1 | 0 |
_aStrategic management : _btext and cases / _cKesho Prasad. |
| 250 | _a2nd ed. | ||
| 260 |
_aNew Delhi : _bPHI Learning Private Limited, _c2015. |
||
| 300 |
_axxi, 558 p. : _bill. ; _c24 cm. |
||
| 500 | _aIncludes indexes. | ||
| 504 | _aBibliography : p. 549-550. | ||
| 650 | 7 |
_2BUEsh _91643 _aStrategic planning. |
|
| 651 | _2BUEsh | ||
| 653 |
_bBUSADM _cAugust 2016 |
||
| 942 | _2ddc | ||
| 999 |
_c22241 _d22213 |
||